000 00326nam a22001217a 4500
040 _cSK
082 _a580
100 _aកសិកម្ម
245 _aរុក្ខជាតិនៅកម្ពុជា
260 _aក្រសួងកសិកម្ម
_bកសិកម្ម
_c1985
300 _a79p.
942 _cKB
999 _c9444
_d9444